My tooth is loose ! / (Record no. 4769)

MARC details
000 -LEADER
fixed length control field 00939nam a22003017a 4500
001 - CONTROL NUMBER
control field 4769
003 - CONTROL NUMBER IDENTIFIER
control field FISKH
005 - DATE AND TIME OF LATEST TRANSACTION
control field 20241219143159.0
008 - FIXED-LENGTH DATA ELEMENTS--GENERAL INFORMATION
fixed length control field 241010b cb ||||| |||| 00| 0 eng d
020 ## - INTERNATIONAL STANDARD BOOK NUMBER
International Standard Book Number 9780140370010
040 ## - CATALOGING SOURCE
Original cataloging agency FISKH
Language of cataloging eng
Transcribing agency FISKH
Modifying agency FISKH
050 ## - LIBRARY OF CONGRESS CALL NUMBER
Classification number PZ7.S58635
082 ## - DEWEY DECIMAL CLASSIFICATION NUMBER
Classification number 467
100 ## - MAIN ENTRY--PERSONAL NAME
Personal name Silverman, Martin
245 ## - TITLE STATEMENT
Title My tooth is loose ! /
Statement of responsibility, etc. Martin Silverman Pictures by Amy Aitken
250 ## - EDITION STATEMENT
Edition statement Published in 1992
260 ## - PUBLICATION, DISTRIBUTION, ETC.
Place of publication, distribution, etc. Auckland :
Name of publisher, distributor, etc. Puffin Books,
Date of publication, distribution, etc. 1992.
300 ## - PHYSICAL DESCRIPTION
Extent 29 pages :
Other physical details Color illustrations ;
Dimensions 23 cm
505 ## - FORMATTED CONTENTS NOTE
Formatted contents note G<br/>
520 ## - SUMMARY, ETC.
Summary, etc. When Georgie announces he has a loose tooth, all of his friends have advice to offer him, but none of it is appealing.
521 8# - TARGET AUDIENCE NOTE
Target audience note 380L<br/>
Source Lexile<br/>
521 8# - TARGET AUDIENCE NOTE
Target audience note G<br/>
Source Raz-Plus<br/>
650 ## - SUBJECT ADDED ENTRY--TOPICAL TERM
Source of heading or term Loose tooth
Topical term or geographic name entry element Dentist
Form subdivision Health
650 ## - SUBJECT ADDED ENTRY--TOPICAL TERM
Source of heading or term Children's
Topical term or geographic name entry element Young readers
700 ## - ADDED ENTRY--PERSONAL NAME
Personal name Aitken, Amy
Dates associated with a name Illustrator
942 ## - ADDED ENTRY ELEMENTS (KOHA)
Source of classification or shelving scheme Dewey Decimal Classification
Koha item type Books
Suppress in OPAC No
Holdings
Withdrawn status Lost status Source of classification or shelving scheme Damaged status Not for loan Collection Home library Current library Shelving location Date acquired Total Checkouts Full call number Barcode Date last seen Copy number Price effective from Koha item type
    Dewey Decimal Classification     Fiction Footprints International School Library Network Toul Kork Campus Footprints International School Library Network Toul Kork Campus TK Primary Library Room(4th Floor), Bookcase 1&2, Shelves 1-16, Dark Blue Books 10/10/2024   SIL 467 PZ7.S58635 2024-2113 10/10/2024 1 10/10/2024 Books
    Dewey Decimal Classification     Fiction Footprints International School Library Network Toul Kork Campus Footprints International School Library Network Toul Kork Campus TK Primary Library Room(4th Floor), Bookcase 1&2, Shelves 1-16, Dark Blue Books 10/10/2024   SIL 467 PZ7.S58635 FISBK02606 12/19/2024 2 10/10/2024 Books